00867cam a22002531a 45000010005000000030008000050050017000130080039000300350018000690350019000870400045001060410008001510820023001591000039001822450074002212600030002953000025003255040022003506500042003727000028004149420012004429990015004549520144004694479BD-RjUL20211208233911.0131222s1965 enk 001 0 eng a(BD-RjUL)4514 a(OCoLC)4658909 aDLCcNAlUdMoSU-LdUkdDLCdBD-RjULbeng aeng00a346.4207bSME 19651 aSmith, Kenneth,d1910-1966.91415910aEssentials of mercantile law /cby Kenneth Smith and Denis J. Keenan. aLondon :bPitman,cc1965. aix, 480 p. ;c23 cm. aIncludes indexes. 0aCommercial lawzGreat Britain.9137881 aKeenan, Denis J.914160 2ddccBK c4479d4479 00102ddc40718NFICaRUCLbRUCLcReadingd1967-05-23ePak americang24.38l0o346.4207 SME 1965r2013-12-22 00:00:00tC-1w2021-12-08yBK